<?xml version="1.0" encoding="UTF-8"?>
<record
    xmlns:xsi="http://www.w3.org/2001/XMLSchema-instance"
    xsi:schemaLocation="http://www.loc.gov/MARC21/slim http://www.loc.gov/standards/marcxml/schema/MARC21slim.xsd"
    xmlns="http://www.loc.gov/MARC21/slim">

  <leader>01192nam a22002777a 4500</leader>
  <controlfield tag="001">BR2023000996</controlfield>
  <controlfield tag="003">BR-BrBNA</controlfield>
  <controlfield tag="005">20230824170408.0</controlfield>
  <controlfield tag="008">230824b        bl.||||| |||| 00| 0 por d</controlfield>
  <datafield tag="040" ind1=" " ind2=" ">
    <subfield code="a">BR-BrBNA</subfield>
    <subfield code="b">por</subfield>
    <subfield code="c">Biblioteca Nacional de Agricultura</subfield>
  </datafield>
  <datafield tag="041" ind1=" " ind2=" ">
    <subfield code="a">eng</subfield>
  </datafield>
  <datafield tag="072" ind1=" " ind2=" ">
    <subfield code="a">F01 ; F03</subfield>
    <subfield code="b">3575 ; 1300</subfield>
  </datafield>
  <datafield tag="090" ind1=" " ind2=" ">
    <subfield code="a">3575 BR2023000996</subfield>
  </datafield>
  <datafield tag="110" ind1=" " ind2=" ">
    <subfield code="a">Embrapa Hortali&#xE7;a, Bras&#xED;lia, DF (Brazil)</subfield>
  </datafield>
  <datafield tag="111" ind1=" " ind2=" ">
    <subfield code="d">1-5 Jul 2012</subfield>
    <subfield code="c">Bras&#xED;lia, DF (Brazil)</subfield>
    <subfield code="a">6. International Symposium on Seed, Transplant and Stand Establishment of Horticultural Crops: Sowing the Future of Tropical Horticulture</subfield>
  </datafield>
  <datafield tag="245" ind1=" " ind2=" ">
    <subfield code="a">6. Simp&#xF3;sio internacional sobre transplante de sementes e estabelecimento de pl&#xE2;ntulas e hortali&#xE7;as: semear o futuro da horticultura tropical - programa e resumos = 6. International Symposium on seed, transplant and stand establishment of horticultural crops: sowing the future of tropical horticulture - programme &amp; abstracts </subfield>
  </datafield>
  <datafield tag="260" ind1=" " ind2=" ">
    <subfield code="a">Bras&#xED;lia, DF (Brazil)</subfield>
    <subfield code="c">2012</subfield>
  </datafield>
  <datafield tag="300" ind1=" " ind2=" ">
    <subfield code="a">150 p.</subfield>
  </datafield>
  <datafield tag="650" ind1=" " ind2=" ">
    <subfield code="a">SEMENTE</subfield>
  </datafield>
  <datafield tag="650" ind1=" " ind2=" ">
    <subfield code="a">TRANSPLANTE</subfield>
  </datafield>
  <datafield tag="650" ind1=" " ind2=" ">
    <subfield code="a">PL&#xC2;NTULA</subfield>
  </datafield>
  <datafield tag="650" ind1=" " ind2=" ">
    <subfield code="a">HORTALI&#xC7;A</subfield>
  </datafield>
  <datafield tag="650" ind1=" " ind2=" ">
    <subfield code="a">HORTICULTURA</subfield>
  </datafield>
  <datafield tag="909" ind1=" " ind2=" ">
    <subfield code="a">202308</subfield>
    <subfield code="b">Fernando</subfield>
  </datafield>
  <datafield tag="942" ind1=" " ind2=" ">
    <subfield code="c">BK</subfield>
  </datafield>
  <datafield tag="999" ind1=" " ind2=" ">
    <subfield code="c">9889</subfield>
    <subfield code="d">9889</subfield>
  </datafield>
  <datafield tag="952" ind1=" " ind2=" ">
    <subfield code="0">0</subfield>
    <subfield code="2">AGRIS</subfield>
    <subfield code="4">0</subfield>
    <subfield code="7">0</subfield>
    <subfield code="8">AGROBASE	</subfield>
    <subfield code="a">41918</subfield>
    <subfield code="b">41918</subfield>
    <subfield code="c">AGROBASE </subfield>
    <subfield code="l">0</subfield>
    <subfield code="o">3575 BR2023000996</subfield>
    <subfield code="p">2023-436248</subfield>
    <subfield code="r">2023-08-24</subfield>
    <subfield code="y">BK</subfield>
  </datafield>
</record>
